000 00507nam a2200157 a 4500
001 000037841
005 20210409114021.0
008 130307s2012 mx 000 0 spa d
020 _a9685146527
040 _aDO-SdBNP
_bspa
_cBNPHU
100 _aGarcía Lorca, Federico,
_d1898-1936
_914727
245 1 0 _aBodas de sangre /
_cFederico García Lorca.
260 _aMéxico :
_bEdiciones Leyenda,
_c2012.
300 _a89 p. ;
_c22 cm.
500 _aIncluye datos biográficos del autor en la solapa de la cubierta
999 _c37331
_d37331